000 00641nam a22001457a 4500
003 macl
005 20200315133100.0
008 200315b xxu||||| |||| 00| 0 eng d
040 _cmacl
082 _a320
100 _aप्रो किशोर पटेल
_978671
245 _aभारतीय संविधान एवं शासन प्रणाली प्रश्‍नोत्‍तर रूप में 2014 से 2018 परीक्षा के पेपर्स सहित
_bप्रश्‍न पत्र द्वितीय भाग 1
650 _aसंविधान
_9205
942 _2ddc
_cHIN
999 _c62423
_d62423